| 000 | 00609cam a22001931 4500 | ||
|---|---|---|---|
| 001 | sa 68018056 | ||
| 003 | DLC | ||
| 005 | 20260227112708.0 | ||
| 008 | 090730s1968 io abc 000 0 eng | ||
| 010 | _asa 68018056 | ||
| 040 |
_aDLC _cDLC _dDLC |
||
| 043 | _aa-io--- | ||
| 050 | 0 | 0 |
_aDS615 _b.A519 |
| 110 | 1 |
_aIndonesia. _bDirektorat Penerangan Luar Negeri. |
|
| 245 | 1 | 0 |
_aIndonesia; _ban introduction. |
| 260 |
_aDjakarta, _bForeign Information Directorate, Dept. of Information, Republic of Indonesia, _c1968. |
||
| 300 |
_a116 p. _bill. (part col.), maps, ports. (1 col.) _c24 cm. |
||
| 651 | 0 | _aIndonesia. | |
| 999 |
_c88147 _d88147 |
||